000
00321nam a2200121Ia 4500
008
220204s9999 xx 000 0 und d
082
_a
681.31
_b
KLI
100
_a
Klingman, Edwin E
245
0
_a
Microprocessor systems design
260
_a
New Jersey
_b
Prentice Hall
_c
1977
650
_a
Microprocessor system
942
_c
BK
999
_c
25701
_d
25701